000 00301nam a2200133Ia 4500
008 231129s1980||||xx |||||||||||||| ||spa||
040 _bspa
082 _aCo863 B399u
100 _aBedoya Jose Raul
245 0 _aLa universidad del crimen
260 _c1980
264 _a[s.n.]
942 _2ddc
_cBKS
999 _c18389
_d18389